2002 e-commerce survey of business (Record no. 73687)

MARC details
000 -LEADER
fixed length control field 01056cam a2200229 4500
001 - CONTROL NUMBER
control field WB3941-10
008 - FIXED-LENGTH DATA ELEMENTS--GENERAL INFORMATION
fixed length control field 031029n2003 000 0 eng u
035 ## - SYSTEM CONTROL NUMBER
System control number (Sirsi) u124151
245 ## - TITLE STATEMENT
Title 2002 e-commerce survey of business
260 ## - PUBLICATION, DISTRIBUTION, ETC.
Date of publication, distribution, etc. 2003
490 ## - SERIES STATEMENT
Series statement Office for National Statistics News Release
Volume/sequential designation 28 October 2003 (2)
520 ## - SUMMARY, ETC.
Summary, etc. The Office for National Statistics (ONS) annual e-commerce survey, reveals that 59% of UK businesses had access to the internet in 2002 compared with 51% the previous year. The survey shows that larger businesses had greater Information and Communication Technologies (ICT) usage. http://www.gnn.gov.uk/gnn/national.nsf/(Redirect)?OpenAgent&D=gnn/national.nsf&V=Daily+News&I=7CA0EE8E71F86FD880256DCD003BB30F&A=ecommerce.pdf.
590 ## - LOCAL NOTE (RLIN)
Local note WB
650 ## - SUBJECT ADDED ENTRY--TOPICAL TERM
Topical term or geographic name entry element E-COMMERCE
650 ## - SUBJECT ADDED ENTRY--TOPICAL TERM
Topical term or geographic name entry element BUSINESSES
650 ## - SUBJECT ADDED ENTRY--TOPICAL TERM
Topical term or geographic name entry element INTERNET ACCESS
650 ## - SUBJECT ADDED ENTRY--TOPICAL TERM
Topical term or geographic name entry element INFORMATION AND COMMUNICATION TECHNOLOGY
650 ## - SUBJECT ADDED ENTRY--TOPICAL TERM
Topical term or geographic name entry element OFFICE FOR NATIONAL STATISTICS
650 ## - SUBJECT ADDED ENTRY--TOPICAL TERM
Topical term or geographic name entry element SURVEYS
690 ## - LOCAL SUBJECT ADDED ENTRY--TOPICAL TERM (OCLC, RLIN)
Topical term or geographic name as entry element INFORMATION TECHNOLOGY-INTERNET
942 ## - ADDED ENTRY ELEMENTS (KOHA)
Suppress in OPAC 0
Holdings
Withdrawn status Lost status Source of classification or shelving scheme Damaged status Not for loan Home library Current library Shelving location Date acquired Total Checkouts Full call number Barcode Date last seen Copy number Price effective from Koha item type
    Dewey Decimal Classification     London London News article 29/10/2003   WB3941-10 124151-1001 06/08/2019 1 06/08/2019 News article